Central Library OPAC University of Rajshahi

Islam and the psychology of the Musulman / (Record no. 59225)

MARC details
000 -LEADER
fixed length control field 00851nam a2200265 a 4500
001 - CONTROL NUMBER
control field 59225
003 - CONTROL NUMBER IDENTIFIER
rucl marc code BD-RjUL
005 - DATE AND TIME OF LATEST TRANSACTION
control field 20211209080716.0
008 - FIXED-LENGTH DATA ELEMENTS--GENERAL INFORMATION
fixed length control field 161222s1924 enk 000 0 eng
035 ## - SYSTEM CONTROL NUMBER
System control number (BD-RjUL)59349
040 ## - CATALOGING SOURCE
Original cataloging agency DLC
Transcribing agency BXM
Modifying agency BXM
-- EQO
-- BD-RjUL
Language of cataloging eng
041 1# - LANGUAGE CODE
Language code of text/sound track or separate title eng
082 ## - DEWEY DECIMAL CLASSIFICATION NUMBER
Edition number 23
Classification number 297
Author mark and year SEI 1924
100 1# - MAIN ENTRY--PERSONAL NAME
Personal name Servier, Andre.
9 (RLIN) 176154
245 10 - TITLE STATEMENT
Title Islam and the psychology of the Musulman /
Statement of responsibility, etc. by Andre Servier ; Translated by A. S. Moss-Blundell ; with a preface by Louis Bertrand.
260 ## - PUBLICATION, DISTRIBUTION, ETC. (IMPRINT)
Place of publication, distribution, etc. London :
Name of publisher, distributor, etc. Chapman & Hall,
Date of publication, distribution, etc. 1924.
300 ## - PHYSICAL DESCRIPTION
Pagination xvi, 271 p. ;
Size 23 cm.
650 #0 - SUBJECT ADDED ENTRY--TOPICAL TERM
Topical term or geographic name as entry element Islam.
9 (RLIN) 170798
Topical term or geographic name as entry element Civilization, Arab.
9 (RLIN) 176155
651 #0 - SUBJECT ADDED ENTRY--GEOGRAPHIC NAME
Geographic name Islamic countries
General subdivision History.
9 (RLIN) 176156
700 1# - ADDED ENTRY--PERSONAL NAME
Personal name Moss-Blundell, A. S.
942 ## - ADDED ENTRY ELEMENTS (KOHA)
Source of classification or shelving scheme Dewey Decimal Classification
Koha item type Books
Holdings
Lost status Source of classification or shelving scheme Damaged status Not for loan Collection code Permanent Location Current Location Shelving location Date acquired Source of acquisition Cost, normal purchase price Total Checkouts Full call number Date last seen Copy number Koha item type
  Dewey Decimal Classification   Not For Loan Non-fiction Central Library, University of Rajshahi Central Library, University of Rajshahi Reading Room 25/11/1966 A. I. Qureshi 19.20   297 SEI 1924 22/12/2016 C-1 Books